Statystyki dla Siatkówka quiz #2 - Jak nazywa się ten siatkarz? [poziom średni]

Kliknij tutaj aby rozwiązać quiz!

Ogólne statystyki

  • Ten quiz został rozwiązany 90 razy
  • Średni wynik to 11 z 16

Statystyki odpowiedzi

Odpowiedź% Poprawnych
Tomasz Fornal
99%
David Smith
93%
Piotr Nowakowski
93%
Bartosz Bednorz
87%
Jakub Popiwczak
82%
Benjamin Toniutti
80%
Bruno Rezende
73%
Jakub Jarosz
64%
Mateusz Mika
63%
Łukasz Żygadło
56%
Nimir Abdel-Aziz
54%
Ricardo Lucarelli
54%
Micah Christenson
50%
Srećko Lisinac
46%
Facundo Conte
40%
Daniele Lavia
20%

Rozkład punktacji

Percentyl według liczby udzielonych odpowiedzi

Procent ludzi z każdym wynikiem

Twoja historia wyników

Nie rozwiązałeś tego quizu